| 000 | 00389nam a22001457a 4500 | ||
|---|---|---|---|
| 005 | 20200612110230.0 | ||
| 008 | 200612b xxu||||| |||| 00| 0 eng d | ||
| 082 | _a345.4, AIR | ||
| 110 |
_aALL INDIA REPORTER, _96014 |
||
| 245 | _aALL INDIA REPORTER, [2002] [VOL-89] KARNATAKA SECTION | ||
| 260 | _bALL INDIA REPORTER, PVT. LTD. | ||
| 300 | _a494;p | ||
| 650 |
_aLAW _95701 |
||
| 942 | _cJRL | ||
| 999 |
_c7073 _d7071 |
||